| 000 | 00825cam a22002651 4500 | ||
|---|---|---|---|
| 001 | 29413 | ||
| 003 | BD-RjUL | ||
| 005 | 20211209051418.0 | ||
| 008 | 140403r19681939enk 001 0 eng d | ||
| 035 | _a(BD-RjUL)29498 | ||
| 035 | _a(OCoLC)3015240 | ||
| 040 |
_aDLC _cOC _dDLC _dBD-RjUL _beng |
||
| 041 | _aeng | ||
| 082 | 0 | 0 |
_a137.7 _bJAA 1968 |
| 100 | 1 |
_aJacoby, Hans. _989691 |
|
| 245 | 1 | 0 |
_aAnalysis of handwriting : _ban introduction into scientific graphology / _cby H. J. Jacoby. |
| 260 |
_aLondon : _bG. Allen & Unwin ltd, _c1939 [impression 1968]. |
||
| 300 |
_a3 p. l., 9-285 p. : _bill. ; _c22 cm. |
||
| 500 | _a"First published in 1939." | ||
| 504 | _aincludes Bibliographical reference and inex. | ||
| 650 | 0 |
_aGraphology. _988846 |
|
| 942 |
_2ddc _cBK |
||
| 999 |
_c29413 _d29413 |
||